| 000 | 00000nam##2200000za#4500 |
| 001 | 9.640523 |
| 003 | CaOODSP |
| 005 | 20210624222719 |
| 007 | cr ||||||||||| |
| 008 | 150407|1996||||xxc|||||o f|0| 0 fre|d |
| 040 | |aCaOODSP|bfre |
| 043 | |an-cn--- |
| 086 | 1 |aEn106-33/1996F-PDF |
| 110 | 1 |aCanada. |bAgence canadienne d'évaluation environnementale. |
| 245 | 10|aGuide sur la diversité biologique et l'évaluation environnementale / |h[ressource électronique]|cpréparé en collaboration avec le Bureau de la Convention sur la biodiversité. |
| 260 | |aHull - Québec : |bAgence canadienne d'évaluation environnementale |cAvril 1996. |
| 300 | |a19p.|bglossaire, références |
| 500 | |aLe n° de catalogue (EN106-33/1996F) et l'ISBN (O-662-8 1232-8) de l'édition imprimée ont été incorrectement copiés dans l'édition électronique. |
| 590 | |a12-32-Supp|b2012-07-11 |
| 691 | 07|aDiversité biologique|2gcpds |
| 691 | 07|aÉvaluation environnementale|2gcpds |
| 775 | 08|tA guide on biodiversity and environmental assessment / |w(CaOODSP)9.696406 |
| 856 | 40|ahttp://publications.gc.ca|qPDF|s211 Ko|uhttps://publications.gc.ca/collections/Collection/En106-33-1996F.pdf |